| 000 | 00410nam a2200157Ia 4500 | ||
|---|---|---|---|
| 008 | 210716s2011 xx 000 0 und d | ||
| 020 | _a9788174469687 | ||
| 041 | _aeng | ||
| 082 | _a658.3125 GRIS | ||
| 100 | _aGriffith, Sandra. | ||
| 245 | _aDevelop a workplace learning environment | ||
| 250 | _a1 | ||
| 260 |
_aNew Delhi _bExcel Books _c2011 |
||
| 300 | _axvi,135 | ||
| 650 | _aHuman Resource Management | ||
| 999 |
_c207619 _d207619 |
||